<?xml version="1.0" encoding="UTF-8"?>
<record
    xmlns:xsi="http://www.w3.org/2001/XMLSchema-instance"
    xsi:schemaLocation="http://www.loc.gov/MARC21/slim http://www.loc.gov/standards/marcxml/schema/MARC21slim.xsd"
    xmlns="http://www.loc.gov/MARC21/slim">

  <leader>03104nam a22004337a 4500</leader>
  <datafield tag="999" ind1=" " ind2=" ">
    <subfield code="c">6602</subfield>
    <subfield code="d">6602</subfield>
  </datafield>
  <controlfield tag="003">OSt</controlfield>
  <controlfield tag="005">20260409132105.0</controlfield>
  <controlfield tag="008">190228c        xxuf||p| |||| 00| 0 spa d</controlfield>
  <datafield tag="040" ind1=" " ind2=" ">
    <subfield code="c">PJ</subfield>
  </datafield>
  <datafield tag="245" ind1="1" ind2="0">
    <subfield code="a">Revista de derecho laboral :</subfield>
    <subfield code="b">la COVID-19 y las relaciones de trabajo /</subfield>
    <subfield code="c">director Mario E. Ackerman.</subfield>
  </datafield>
  <datafield tag="260" ind1=" " ind2=" ">
    <subfield code="a">Santa F&#xE9; :</subfield>
    <subfield code="b">Rubinzal-Culzoni,</subfield>
    <subfield code="c">2021.</subfield>
  </datafield>
  <datafield tag="300" ind1=" " ind2=" ">
    <subfield code="a">555 p.</subfield>
    <subfield code="c">22 cm.</subfield>
  </datafield>
  <datafield tag="310" ind1=" " ind2=" ">
    <subfield code="a">semestral</subfield>
  </datafield>
  <datafield tag="362" ind1=" " ind2=" ">
    <subfield code="a">No. 1 (2021)</subfield>
  </datafield>
  <datafield tag="505" ind1=" " ind2=" ">
    <subfield code="t">La respuesta normativa ante la covid-19. una visi&#xF3;n institucional /</subfield>
    <subfield code="r"> Lorenzo P. Gnecco.</subfield>
  </datafield>
  <datafield tag="505" ind1=" " ind2=" ">
    <subfield code="t">El r&#xE9;gimen causal de las enfermedades profesionales y el desaf&#xED;o de la covid-19 /</subfield>
    <subfield code="r">Jos&#xE9; Daniel Machado.</subfield>
  </datafield>
  <datafield tag="505" ind1=" " ind2=" ">
    <subfield code="t">An&#xE1;lisis de las normas sobre vigencia temporal del r&#xE9;gimen especial de cobertura de la covid-19 en la ley de riesgos del trabajo y sobre sus reglas de financiamiento /</subfield>
    <subfield code="r">Miguel &#xC1;ngel Maza.</subfield>
  </datafield>
  <datafield tag="505" ind1=" " ind2=" ">
    <subfield code="t">Las suspensiones fundadas en el art&#xED;culo 223 bis de la lct, a partir del dnu 329/2020, del 31 de marzo - relaci&#xF3;n del mismo con el dnu 297/2020, del 20 de marzo - nota a los casos &#x201C;cardozo&#x201D; y &#x201C;tebes&#x201D;/</subfield>
    <subfield code="r">Juan &#xC1;. Confalonier
.</subfield>
  </datafield>
  <datafield tag="505" ind1=" " ind2=" ">
    <subfield code="t">El art&#xED;culo 223 bis de la lct, una vieja soluci&#xF3;n para problemas nuevos /</subfield>
    <subfield code="r">Alejandro Ra&#xFA;l Ferrari.</subfield>
  </datafield>
  <datafield tag="505" ind1=" " ind2=" ">
    <subfield code="t">Las facultades de direcci&#xF3;n del empleador durante la pandemia de la covid-19 /</subfield>
    <subfield code="r">Carlos Alberto Livellara.</subfield>
  </datafield>
  <datafield tag="505" ind1=" " ind2=" ">
    <subfield code="t">Algunas consideraciones sobre las suspensiones y despidos por razones econ&#xF3;micas seg&#xFA;n la lct y la prohibici&#xF3;n de despidos y suspensi&#xF3;n en el marco de la pandemia de la covid-19 /</subfield>
    <subfield code="r"> Diego Fernando Manauta.</subfield>
  </datafield>
  <datafield tag="505" ind1=" " ind2=" ">
    <subfield code="t">Algunos apuntes acerca de la norma que duplica la indemnizaci&#xF3;n por despido sin justa causa /</subfield>
    <subfield code="r">Silvia Pinto Varela.</subfield>
  </datafield>
  <datafield tag="505" ind1=" " ind2=" ">
    <subfield code="t">El derecho al empleo y covid - el derecho al trabajo como derecho humano fundamental, decretos 313/2020 y 331/2020 y la automatizaci&#xF3;n del trabajo /</subfield>
    <subfield code="r"> Mar&#xED;a Silvina Ruiz.</subfield>
  </datafield>
  <datafield tag="505" ind1=" " ind2=" ">
    <subfield code="t">El sistema especial de la fuerza mayor /</subfield>
    <subfield code="r"> C&#xE9;sar Arese.</subfield>
  </datafield>
  <datafield tag="505" ind1=" " ind2=" ">
    <subfield code="t">R&#xE9;gimen legal del teletrabajo /</subfield>
    <subfield code="r">Carlos C. Aronna y Eduardo Loustaunau.</subfield>
  </datafield>
  <datafield tag="505" ind1=" " ind2=" ">
    <subfield code="t">El r&#xE9;gimen legal del contrato de teletrabajo y la certeza de la marginal influencia de la ley en el bienestar de los individuos /</subfield>
    <subfield code="r"> Horacio Las Heras.</subfield>
  </datafield>
  <datafield tag="505" ind1=" " ind2=" ">
    <subfield code="t">El teletrabajo. algunas cuestiones puntuales /</subfield>
    <subfield code="r">Jorge Oscar Morresi.</subfield>
  </datafield>
  <datafield tag="505" ind1=" " ind2=" ">
    <subfield code="t">La hora del derecho a la desconexi&#xF3;n /</subfield>
    <subfield code="r">Oscar E. Ben&#xED;tez.</subfield>
  </datafield>
  <datafield tag="505" ind1=" " ind2=" ">
    <subfield code="t">El teletrabajo y las responsabilidades familiares - tareas de cuidado /</subfield>
    <subfield code="r"> Liliana Hebe Litterio.</subfield>
  </datafield>
  <datafield tag="505" ind1=" " ind2=" ">
    <subfield code="t">Discapacidad, empleo y teletrabajo en tiempos de covid-19 /</subfield>
    <subfield code="r">Carolina N. Santostefano.</subfield>
  </datafield>
  <datafield tag="505" ind1=" " ind2=" ">
    <subfield code="t">Sumarios y sistematizaci&#xF3;n de fallos /</subfield>
    <subfield code="r"> Mar&#xED;a Isabel Sforsini y Diego Guirado Colaborador: Nahuel Nehuen Espinillo.</subfield>
  </datafield>
  <datafield tag="650" ind1=" " ind2="0">
    <subfield code="9">1316</subfield>
    <subfield code="a">DERECHO LABORAL</subfield>
  </datafield>
  <datafield tag="650" ind1=" " ind2="0">
    <subfield code="9">5233</subfield>
    <subfield code="a">PANDEMIA</subfield>
  </datafield>
  <datafield tag="650" ind1=" " ind2="0">
    <subfield code="9">5216</subfield>
    <subfield code="a">CORONAVIRUS</subfield>
  </datafield>
  <datafield tag="700" ind1=" " ind2=" ">
    <subfield code="9">1423</subfield>
    <subfield code="a">Ackermann, Mario Eduardo</subfield>
    <subfield code="e">director</subfield>
  </datafield>
  <datafield tag="856" ind1=" " ind2=" ">
    <subfield code="u">https://www.rubinzal.com.ar/revistas/revista-de-derecho-laboral/5/?home=1</subfield>
    <subfield code="y">Rubinzal Culzoni Editores</subfield>
  </datafield>
  <datafield tag="942" ind1=" " ind2=" ">
    <subfield code="2">udc</subfield>
    <subfield code="c">PP</subfield>
    <subfield code="h">347.1(05)</subfield>
    <subfield code="i">REV</subfield>
  </datafield>
  <datafield tag="952" ind1=" " ind2=" ">
    <subfield code="0">0</subfield>
    <subfield code="1">0</subfield>
    <subfield code="2">udc</subfield>
    <subfield code="4">0</subfield>
    <subfield code="7">0</subfield>
    <subfield code="a">DJS</subfield>
    <subfield code="b">DJS</subfield>
    <subfield code="d">2026-04-09</subfield>
    <subfield code="p">6550</subfield>
    <subfield code="r">2026-04-09</subfield>
    <subfield code="w">2026-04-09</subfield>
    <subfield code="y">PP</subfield>
  </datafield>
</record>
